000 00557nam a2200169 i 4500
001 42334
003 ES-MaACL
005 20231204171252.0
007 t|
008 030313m19081913sp ||||1| spa d
100 1 _aCejador y Frauca, Julio,
_d1864-1927
_937333
245 1 0 _aTesoro de la lengua castellana
_b: origen y vida del lenguaje : lo que dicen las palabras /
_cJulio Cejador y Franca.
260 _aPalencia :
_b[s.n.,
_c1908-1913] (
_fGutiƩrrez)
300 _a8 v. ;
_c22 cm.
852 _aES-MaACL
_jF-2254-61
999 _c42334
_d42334